Statystyki dla Prowincje kanadyjskie w skrócie

Kliknij tutaj aby rozwiązać quiz!

Ogólne statystyki

  • Ten quiz został rozwiązany 15 razy
  • Średni wynik to 6 z 13

Odpowiedzi na mapie

Odpowiedzi skodowane kolorowo w zielono-czerwonej skali na mapie do tego quizu, zgodnie z poniższymi procentami.
 

Statystyki odpowiedzi

skrótprowincja / terytorium% Poprawnych
BCBrytyjska Kolumbia
67%
ONOntario
67%
MBManitoba
56%
NTTerytoria Północno-Zachodnie
56%
PEWyspa Księcia Edwarda
56%
QCQuebec
56%
SKSaskatchewan
56%
ABAlberta
44%
NUNunavut
44%
NBNowy Brunszwik
33%
NL
Nowa Fundlandia i
Labrador
33%
NSNowa Szkocja
33%
YTJukon
22%

Rozkład punktacji

Percentyl według liczby udzielonych odpowiedzi

Procent ludzi z każdym wynikiem

Twoja historia wyników

Nie rozwiązałeś tego quizu